000 00549nam a2200157Ia 4500
008 090711s9999 xx 000 0 und d
082 _b38384
100 _aअत्रे प्रल्हाद के.
245 _aवंदे भारतम्
260 _bआनंद छापखाना
_c1937
600 _aअत्रे प्रल्हाद के.
630 _aवंदे भारतम्
700 _aअत्रे प्रल्हाद के.
730 _aवंदे भारतम्
942 _cBOOK
999 _c302380
_d302380